000 00996cam a2200241 4500
001 ##L132082
002 ##9176
008 060103n2005 000 0 eng u
020 _a0415322154
035 _a(Sirsi) u132082
041 0 _aeng
050 0 4 _a333.714 $2 18
245 0 0 _aSustainable urban development volume one
_bthe framework and protocols for environmental assessment
260 _aAbingdon
_bRoutledge
_c2005
300 _axiii, 257p.
_c24cm.
350 _a27
520 _aDiscusses the objectives of sustainable urban development, sertting out the framework and protocols for an environmental assessment of the construction and use of buildings. The text is divided into four parts the framwork, the protocols, the environmental assessment methods and the assessment community, each of which contains a series of papers.
590 _aIKA310106
700 1 _aCurwell, Stephen
_eEditor
700 1 _aDeakin, Mark
_eEditor
700 1 _aSymes, Martin
_eEditor
942 _n0
999 _c105011
_d105011